| 000 | 01249nam a2200325 a 4500 | ||
|---|---|---|---|
| 001 | ebr10133043 | ||
| 003 | CaPaEBR | ||
| 006 | m u | ||
| 007 | cr cn||||||||| | ||
| 008 | 041126s2004 enk sb 001 0 eng d | ||
| 010 | _z 2004304589 | ||
| 015 |
_aGBA479160 _2bnb |
||
| 016 | 7 |
_z012935739 _2Uk |
|
| 020 | _z1850435502 | ||
| 040 |
_aCaPaEBR _cCaPaEBR |
||
| 035 | _a(OCoLC)58523163 | ||
| 050 | 1 | 4 |
_aBJ1291 _b.S35 2004eb |
| 082 | 0 | 4 |
_a297.5 _222 |
| 100 | 1 | _aSajoo, Amyn B. | |
| 245 | 1 | 0 |
_aMuslim ethics _h[electronic resource] : _bemerging vistas / _cAmyn B. Sajoo. |
| 260 |
_aLondon ; _aNew York : _bI.B. Tauris Publishers in association with the Institute of Ismaili Studies, _c2004. |
||
| 300 | _axvi, 164 p. | ||
| 504 | _aIncludes bibliographical references (p. 153-157) and index. | ||
| 533 |
_aElectronic reproduction. _bPalo Alto, Calif. : _cebrary, _d2013. _nAvailable via World Wide Web. _nAccess may be limited to ebrary affiliated libraries. |
||
| 650 | 0 | _aIslamic ethics. | |
| 650 | 0 |
_aMuslims _xConduct of life. |
|
| 655 | 7 |
_aElectronic books. _2local |
|
| 710 | 2 | _aebrary, Inc. | |
| 856 | 4 | 0 |
_uhttp://site.ebrary.com/lib/rucke/Doc?id=10133043 _zAn electronic book accessible through the World Wide Web; click to view |
| 999 |
_c182915 _d182915 |
||